Počítačová grafika 4. roč. FE 1.

Bibliographic Details
Main Author: Skala, Václav, 1951- (Author)
Format: Book
Language:Czech
PhysicalDescription:146 strán
Published: Plzeň VŠSE 1990
ISBN:8070820128
Subjects:

MARC

LEADER 00000cam a2200000 a 4500
001 vtls001332164
003 SK-MaSNL
005 20260301235724.0
008 210928s1990 xr f p 00000 cze
020 |a 8070820128 
035 |a SNK000285060 
040 |a SNK  |b slo  |c SNK  |e AACR2 
041 0 |a cze 
044 |a xr  |c CZ 
080 |a 681.3:744(075.8)  |2 1981 
080 |a (075.8)  |2 2011 
080 |a 004.92  |2 2011 
100 1 |a Skala, Václav,  |d 1951-  |4 aut  |9 200563 
245 1 0 |a Počítačová grafika  |b 4. roč. FE  |n 1.  |c Václav Skala 
260 |a Plzeň  |b VŠSE  |c 1990 
300 |a 146 strán 
650 0 7 |a počítačová grafika  |2 SNKPH  |9 1829 
655 7 |a učebnice vysokých škôl  |2 SNKPH  |9 70191 
919 |a 80-7082-012-8 
958 |a RK 
958 |a OND 
999 |c 976339  |d 978269 
952 |t P60, <04>, [BOOK], {604}  |a SNK  |b SNK  |y VYP  |7 0  |p 17A0207524  |o snkIB 63895/1  |i snkKIP 3751/90  |0 0  |1 0  |4 0  |d 1998-05-25  |l 0  |r 2005-01-02 00:00:00  |w 2026-02-24 
952 |t P60, <04>, [BOOK], {604}  |a SNK  |b SNK  |y VYP  |7 0  |p 17A0166731  |o snkIB 63895/1 D1  |i snkKIP 3752/90  |0 0  |1 1  |4 0  |d 1998-10-26  |l 0  |r 2005-01-02 00:00:00  |w 2026-02-24